Click the Number: 1-10 - Statistics

General Stats
  • This quiz has been taken 31 times
  • The average score is 36 of 100
Answer Stats
Hint Answer % Correct
Roman numerals: I 1
61%
Number of digits on each hand 5
61%
Solve: (5 - 8) x (6 - 4) x (2 - 3) 6
57%
Roman numerals: VII 7
57%
Number of sides in a triangle 3
52%
In a solo olympic event, this many people get medals 3
52%
Unscramble: EVENS 7
52%
Roman numerals: VIII 8
52%
Unscramble: EINN 9
52%
Unscramble: EON 1
48%
Unscramble: WOT 2
48%
The only even prime number 2
48%
Roman numerals: III 3
48%
Roman numerals: IV 4
48%
Having this many leaves in a clover is good luck 4
48%
The shortest country name has this many letters 4
48%
Unscramble: IVEF 5
48%
Roman numerals: V 5
48%
Has a two-syllable name 7
48%
Unscramble: GHEIT 8
48%
Roman numerals: IX 9
48%
Number of sides in a nonagon 9
48%
Roman numerals: X 10
43%
The number of minutes given for this quiz 10
43%
Roman numerals: II 2
43%
A number is even if it is divisible by _ 2
43%
Number of dimensions of a cube 3
43%
Number of cardinal directions 4
43%
Number of sides in a square 4
43%
Number of sides in a pentagon 5
43%
Unscramble: XIS 6
43%
Roman numerals: VI 6
43%
Colors in the rainbow 7
43%
Number of sides in an octagon 8
43%
Largest number within a Sudoku 9
43%
Solve: 3 x (9 - 6 / 3) - 4 x 5 1
39%
Unscramble: NET 10
39%
Number of sides in a decagon 10
39%
"Thou shalt not kill" is one of the ___ commandments 10
39%
Number of kidneys a person usually has 2
39%
Number of countries that border Nepal 2
39%
Unscramble: ERHTE 3
39%
Number of states California borders 3
39%
Unscramble: RUOF 4
39%
Houses in Hogwarts 4
39%
The fifth round in March Madness is called the Final _ 4
39%
A perfect review is a ___-star review 5
39%
Number of sides in a hexagon 6
39%
If you flip it upside down, its value increases by 3 6
39%
Number of sides in a heptagon 7
39%
Number of books in the Harry Potter series (excluding Cursed Child) 7
39%
If written sideways, this number would look like infinity 8
39%
Highest single digit Arabic numeral 9
39%
Neither prime nor composite 1
35%
Number of dimensions of a line 1
35%
Spelled out, its letters are in reverse alphabetical order 1
35%
A penny is worth this many cents 1
35%
A dime is worth this many cents 10
35%
Number of US senators per state 2
35%
Solve: (7 + 7 x 5) / (6 + 5 + 4 + 3 + 2 + 1) 2
35%
Number of capitals South Africa has 3
35%
A nickel is worth this many cents 5
35%
Solve: (2 + 2 x 4) / (8 - 2 x 3) 5
35%
Number of Snow White's dwarfs 7
35%
Number of planets in our solar system 8
35%
Solve: 8 + 6 x 6 / 4 - 9 8
35%
Squares in tic-tac-toe 9
35%
Homophones with the past tense of win 1
30%
Number of capitals Botswana has 1
30%
Sum of the first three prime numbers 10
30%
Number of dimensions of a square 2
30%
Number of hearts an octopus has 3
30%
Solve: 9 - 6 x 4 - 2 + 4 x 5 + 1 4
30%
Number of Henry VIII's wives 6
30%
Sum and product of three consecutive numbers 6
30%
A standard guitar has this many strings 6
30%
Homophones with the past tense of eat 8
30%
If you flip it upside down, its value decreases by 3 9
30%
Number of spaces on a tic-tac-toe board 9
30%
First digit to appear in pi twice 1
26%
Solve: 5 + 4 / 2 + (5 - 6) x 4 3
26%
Only prime to be the sum of two consecutive prime numbers 5
26%
Number of colors on a Rubik's Cube 6
26%
Most common sum for two dice rolls 7
26%
Solve: 2 + 5 x 6 - 8 / 4 x 9 - 7 7
26%
Color sets in a standard Monopoly game 8
26%
The fourth round in March Madness is called the Elite _ 8
26%
Solve: (5 - 4 x 2) x (1 + 9 / 3 - 7) 9
26%
Solve: 7 x (7 - 3) - 9 x (5 - 3) 10
22%
The least populated state has this many electoral votes 3
22%
Number of books in the Torah 5
22%
Number of escalators in Wyoming 2
17%
A number equal to the sum of its factors, excluding itself 6
17%
A popular 2005 sci-fi: Ben-__ 10
13%
Similar to the word "death" in Chinese, considered bad luck 4
13%
Number of stars in the Big Dipper 7
13%
In chess, queens are worth this many points. 9
13%
Number of states the Mississippi River touches 10
9%
Perfect cube, but not a perfect square 8
9%
In chess, rooks are worth this many points 5
4%
No matching quizzes found
Score Distribution
Percent of People with Each Score
Percentile by Number Answered
Your Score History
You have not taken this quiz